000 00753nam a2200253Ia 4500
005 20220316235630.0
008 121119s2003 ck a gr 000 0 spa
020 _a9583010774
041 0 _aspa
082 0 4 _a745.1028
_bM85
245 0 0 _aMuñecos de trapo ; A la luz de las velas
250 _aPrimera edición
300 _a18 páginas
_bilustraciones
_c28 cm
490 0 _aManos maestras
650 1 4 _aMuñecas (Juguetes)
_2LEMB
650 1 4 _aArtesanías en tela
_2LEMB
650 1 4 _aJuguetería artesanal
_2LEMB
942 _2ddc
_cBK
264 _aBogotá
_bPanamericana
_c2003
336 _atexto
_btxt
_2rdacontent
337 _asin mediación
_bn
_2rdamedia
338 _avolumen
_bnc
_2rdacarrier
040 _aCO-BoRNBP
_bspa
_erda
_cCO-BoRNBP
999 _c1614
_d1614